000 01815nam0 2200433 ib4500
001 BY-MI0006-br8926684
005 20260326145952.0
010 ^a978-5-4453-1027-3
^d4р.20к.
035 ^a(BY-MI0006)BY-MI0006-br8926684
100 ^a20260324d2016 c y0rusy50 ca
101 1 ^arus
^ceng
102 ^aRU
105 ^ay z 000ay
109 ^ama
181 0 ^ai4
182 0 ^an
200 1 ^a101 Далматинец
^e[повесть
^eдля младшего школьного возраста]
^fДоди Смит
^g[перевод с английского Т. Чернышевой]
203 ^aТекст
^cнепосредственный
210 ^aСанкт-Петербург
^cКнижная лаборатория
^d2016
215 ^a255 с.
^d20 см
225 1 ^aМоя первая библиотека
333 ^a6+
345 ^93000 экз.
517 1 ^aСто один Далматинец
606 0 ^aАНГЛИЙСКАЯ ЛИТЕРАТУРА
^3BY-NLB-ar2468
^2DVNLB
606 0 ^aДЕТСКАЯ И ЮНОШЕСКАЯ ЛИТЕРАТУРА
^3BY-NLB-ar2691728
^2DVNLB
606 0 ^aПОВЕСТИ
^3BY-NLB-ar2735501
^2DVNLB
608 ^aДЕТСКАЯ И ЮНОШЕСКАЯ ЛИТЕРАТУРА (художеств. произведение)
^3BY-NLB-ar9019
^2BYGNR
608 ^aПОВЕСТЬ
^3BY-NLB-ar23936
^2BYGNR
686 ^a84(4Вел)-4
^2rubbk
690 ^a1
^2Base
^9BY-MI0006
^xRSEK
700 1 ^aСмит
^bД.
^gДоди
^cписательница
^f1896—1990
^3BY-SEK-177179
702 1 ^aЧернышева
^bТ.
^3BY-SEK-174383
^4730
801 0 ^aBY
^bBY-MI0006
^c20260324
^gRCR
801 0 ^aBY
^bBY-MI0006
^c20260326
^gRCR
899 0 ^aBY-MI0006
^iС50
^h84(4Вел)